000 00699nam a2200205 a 4500
001 000039196
003 DO-SdBNP
005 20240927073749.0
008 110331s2013 dr ac 000 0bspa d
040 _aDO-SdBNP
_bspa
_cBNPHU
100 1 _a Balaguer, Joaquín,
_d1906-2002
_976556
245 1 3 _aEl Centinela de la Frontera :
_bvida y hazañas de Antonio Duvergé /
_cJoaquín Balaguer.
250 _a7a ed.
260 _aSanto Domingo :
_bCentenario,
_c2013.
300 _a206 p. :
_bil., retrs. ;
_c22 cm.
500 _aIncluye notas al pie de las páginas.
500 _aIncluye datos biográficos del autor en la solapa
600 1 0 _aDuvergé, Antonio,
_d1807-1855
_934515
942 _2ddc
_cLBS1
999 _c38686
_d38686